Eucaristía: teología y espiritualidad de la oración eucarística

Furkejuvvon:
Bibliográfalaš dieđut
Váldodahkki: Bouyer, Louis
Materiálatiipa: Girji
Giella:espánnjágiella
Almmustuhtton: Barcelona, España Herder 1969
Ráidu:Biblioteca Herder. Sección de Liturgia. 114
Fáttát:
Fáddágilkorat: Lasit fáddágilkoriid
Eai fáddágilkorat, Lasit vuosttaš fáddágilkora!

MARC

LEADER 00000nam a2200000 a 4500
001 UCL2099
003 CL-VaPUC
005 20221021090721.0
008 031010e19690000SP |||||||||||||||||spa|d
999 |c 305459  |d 305457 
040 |c Pontificia Universidad Católica de Valparaíso 
082 0 4 |a 264.36 BOU 1969  |2 21 
100 0 |a Bouyer, Louis  |9 479082 
245 1 0 |a Eucaristía: teología y espiritualidad de la oración eucarística 
260 0 3 |a Barcelona, España  |b Herder  |c 1969 
300 |a 486 páginas 
490 0 |a Biblioteca Herder. Sección de Liturgia.  |v 114 
583 |a last modification  |c 20031010 00:00:00  |k Rodrigo Vera 
650 7 |a TEOLOGIA  |2 CL-VaPUC  |9 468653 
650 7 |a EUCARISTIA  |2 CL-VaPUC  |9 468654 
650 0 |a Celebraciones litúrgicas  |9 468655 
650 0 |a Historia de la iglesia   |9 257565 
942 |c BK  |2 ddc 
945 |d 20031010 00:00:00  |a vberengu 
952 |0 0  |1 0  |2 ddc  |4 0  |6 264_360000000000000_BOU_1969  |7 0  |8 A  |9 369357  |a BIBTEO  |b BIBTEO  |d 2019-11-21  |i 207947K  |o 264.36 BOU 1969  |p 207947K  |r 2025-01-17  |t 1  |w 2019-11-21  |y BK  |k ICR 
952 |0 0  |1 0  |2 ddc  |4 0  |6 264_360000000000000_BOU_1969  |7 0  |8 A  |9 369358  |a BIBTEO  |b BIBTEO  |d 2019-11-21  |i 207950K  |o 264.36 BOU 1969  |p 207950K  |r 2025-01-17  |t 2  |w 2019-11-21  |y BK  |k ICR